000 00894nam a2200217 4500
001 113605
003 DR-UNIBE
005 20250512143718.0
008 250512b2001 es ||||| |||| 00| 0 spa d
040 _aBIBLIOTECA UNIBE
_bspa
_cBIBLIOTECA UNIBE
_erda
041 _aspa
082 _aF 5693
110 _aRepública de El Salvador. Leyes, decretos, etc
_9194874
_eautor
245 1 0 _aLey de notariado y Ley del ejercicio notarial de la jurisdicción voluntaria y de otras diligencias /
260 _aSan Salvador:
_bEditorial Jurídica Salvadoreña
_c2001
300 _a48 páginas :
_c21 x 16 cm
505 _aLey de notariado | Ley del ejercicio notarial de la jurisdicción voluntaria y de otras diligencias |
650 7 _2lemb
_a Derecho notarial
_zEl Salvador
_xLegislación
_9195261
650 7 _2lemb
_a Notarios -- Legislación
_zEl Salvador
_xLegislación
_9195262
942 _2ddc
_cMX
999 _c113605
_d113605